| 000 | 00423cam a2200145ua 4500 | ||
|---|---|---|---|
| 041 |
_aeng _h |
||
| 100 | _aSharma, Anju . | ||
| 245 |
_aSlow murder: the deadly story of vehicular pollution in India / _cAnju Sharma. _hTextual Documents |
||
| 260 |
_aNew Delhi : _bCentre for Science and Environment , _c1996. |
||
| 300 |
_a ; _e`. |
||
| 504 | _a | ||
| 700 | 1 | _aChoudhury, Anumita . | |
| 942 | _cBK | ||
| 999 |
_c13029 _d13029 |
||